Farhange-E-asar (Record no. 1737)

MARC details
000 -LEADER
fixed length control field 00559nam a2200229 a 4500
020 ## - INTERNATIONAL STANDARD BOOK NUMBER
ISBN
082 00 - DEWEY DECIMAL CLASSIFICATION NUMBER
Classification number 491.4393
Author Cutter ASA
100 ## - MAIN ENTRY--AUTHOR NAME
Author name Asar, Jaffar Ali Khan
245 ## - TITLE STATEMENT
Title Farhange-E-asar
260 ## - PUBLICATION, DISTRIBUTION, ETC. (IMPRINT)
Place of publication Lucknow
Name of publisher Jaffar Ali Khan Asar
Year of publication 1961
300 ## - PHYSICAL DESCRIPTION
Number of Pages 575p
500 ## - GENERAL NOTE
General note includes index and biblioraphy
650 ## - SUBJECT ADDED ENTRY--TOPICAL TERM
Topical Term Urdu-Dictionary
942 ## - ADDED ENTRY ELEMENTS (KOHA)
Koha item type Books
700 1# -
-- Asar, Jaffar Ali Khan
Holdings
Collection code Home library Current library Date acquired Cost, normal purchase price Full call number Accession Number Koha item type
  Henry Martyn Institute Library Henry Martyn Institute Library 06/07/2007 250.00 491.4393 ASA 03577 Books
                   Copyright © 2026 | Henry Martyn Institute | Hyderabad | TS-500052 | INDIA | Implemented by hmi.edu.in
Hit-Count:

Powered by Koha